KPOP devine la phrase iconic (meme) - Statistiques

Statistiques générales
  • Ce quiz a été pris 2 750 fois
  • Le résultat moyen est 7 sur 15
Statistiques - réponses
Hint Réponse % Correct
I'm Jisoo, I'm okay Jisoo/ BLACKPINK
97%
Soobin Soobin you know ? You know Soobin ? Yeonjun/ TXT
80%
Americano joa joa.. JOA Hyunjin/ Stray Kids
77%
HELLO ! ANNYEONGHASEEOO ! Jackson/ Got7
63%
Yuna is stupid Chaeryeong/ Itzy
59%
-What's your name ?-Porrnesian Parrapio RM/ BTS
58%
Go quokka go quokka Jisung/ Han/ SKZ
54%
BIBIMBAP Dahyun/ Twice
48%
You're dog speak chinese ?! Eric Nam
48%
Padadaa PAdAdaaaAAAA San/ Ateez
36%
A neverland said this. Let's go for Y*** going bald ! *Breaking table* Miyeon/ Gidle
35%
Wow ! So sexyy Jaemin/ NCT
26%
10 years from now ? Are you still alive ? You're alive ? Then good job. Good Good. Giselle/ AESPA
14%
Mr. Sunshine ! HakNyeon/ TheBoyz
5%
-Hair color do you wanna try ?... Bald. HanDong/ Dreamcatcher
5%
Aucun quiz correspondant
Distribution des résultats
% des personnes avec chaque résultat
Percentile par nombre de réponses
Votre historique - résultats
Vous n’avez pas pris ce quiz